Goodman & Gilman's the pharmacological basis of therapeutics / (Record no. 13122)

MARC details
000 -LEADER
fixed length control field 01439nam a22003737a 4500
003 - CONTROL NUMBER IDENTIFIER
control field OSt
005 - DATE AND TIME OF LATEST TRANSACTION
control field 20250807035115.0
008 - FIXED-LENGTH DATA ELEMENTS--GENERAL INFORMATION
fixed length control field 250325t2023 |||a|||| |||| 001 | eng d
020 ## - INTERNATIONAL STANDARD BOOK NUMBER
International Standard Book Number 978-1-265-01698-2
040 ## - CATALOGING SOURCE
Transcribing agency JMCFI - Learning Resource Center
082 ## - DEWEY DECIMAL CLASSIFICATION NUMBER
Classification number MAHL/Med. 615'.7 G153 2023
245 ## - TITLE STATEMENT
Title Goodman & Gilman's the pharmacological basis of therapeutics /
Statement of responsibility, etc. Laurence L. Brunton, editor-in-chief ; Björn C. Knollmann, editor.
250 ## - EDITION STATEMENT
Edition statement Fourteenth edition.
260 ## - PUBLICATION, DISTRIBUTION, ETC.
Place of publication, distribution, etc. New York :
Name of publisher, distributor, etc. McGraw Hill,
Date of publication, distribution, etc. 2023.
300 ## - PHYSICAL DESCRIPTION
Extent xviii, 1645 pages :
Other physical details colored, illus. ;
Dimensions 28 cm
500 ## - GENERAL NOTE
General note Includes appendixes.
504 ## - BIBLIOGRAPHY, ETC. NOTE
Bibliography, etc. note Includes indexes.
650 ## - SUBJECT ADDED ENTRY--TOPICAL TERM
Topical term or geographic name entry element Pharmacokinetics.
9 (RLIN) 18113
650 ## - SUBJECT ADDED ENTRY--TOPICAL TERM
Topical term or geographic name entry element Modulation of pulmonary, renal, and cardiovascular
9 (RLIN) 40835
650 ## - SUBJECT ADDED ENTRY--TOPICAL TERM
Topical term or geographic name entry element Drug therapy.
9 (RLIN) 6651
650 ## - SUBJECT ADDED ENTRY--TOPICAL TERM
Topical term or geographic name entry element Neuropharmacology.
9 (RLIN) 18841
650 ## - SUBJECT ADDED ENTRY--TOPICAL TERM
Topical term or geographic name entry element Inflammation.
9 (RLIN) 16596
650 ## - SUBJECT ADDED ENTRY--TOPICAL TERM
Topical term or geographic name entry element Immunomodulation.
9 (RLIN) 21406
650 ## - SUBJECT ADDED ENTRY--TOPICAL TERM
Topical term or geographic name entry element Hematopoiesis.
9 (RLIN) 18573
650 ## - SUBJECT ADDED ENTRY--TOPICAL TERM
Topical term or geographic name entry element Endocrine pharmacology.
9 (RLIN) 20939
650 ## - SUBJECT ADDED ENTRY--TOPICAL TERM
Topical term or geographic name entry element Gastrointestinal pharmacology.
9 (RLIN) 21407
650 ## - SUBJECT ADDED ENTRY--TOPICAL TERM
Topical term or geographic name entry element Chemotherapy of infectious diseases.
9 (RLIN) 21408
650 ## - SUBJECT ADDED ENTRY--TOPICAL TERM
Topical term or geographic name entry element Chemotherapy of malaria.
9 (RLIN) 21409
650 ## - SUBJECT ADDED ENTRY--TOPICAL TERM
Topical term or geographic name entry element Pharmacotherapy of neoplastic disease.
9 (RLIN) 21410
650 ## - SUBJECT ADDED ENTRY--TOPICAL TERM
Topical term or geographic name entry element Special systems of pharmacology.
9 (RLIN) 21411
700 ## - ADDED ENTRY--PERSONAL NAME
Personal name Brunton, Laurence L
Relator term editor-in-chief.
9 (RLIN) 21414
700 ## - ADDED ENTRY--PERSONAL NAME
Personal name Knollmann, Björn C
Relator term editor
9 (RLIN) 21416
942 ## - ADDED ENTRY ELEMENTS (KOHA)
Source of classification or shelving scheme Dewey Decimal Classification
Koha item type Books
Edition Fourteenth edition
Suppress in OPAC No
Holdings
Withdrawn status Lost status Source of classification or shelving scheme Damaged status Not for loan Home library Current library Shelving location Date acquired Total Checkouts Full call number Barcode Date last seen Copy number Price effective from Koha item type
    Dewey Decimal Classification     LRC - Medical and Allied Health LRC - Medical and Allied Health MAHL - Medicine 07/31/2025   MAHL/Med. 615'.7 G153 2023 c1 MAHL00002477 08/07/2025 1 08/07/2025 Books
    Dewey Decimal Classification     LRC - Medical and Allied Health LRC - Medical and Allied Health MAHL - Medicine 07/31/2025   MAHL/Med. 615'.7 G153 2023 c2 MAHL00002478 08/07/2025 2 08/07/2025 Books
    Dewey Decimal Classification     LRC - Medical and Allied Health LRC - Medical and Allied Health MAHL - Medicine 07/31/2025   MAHL/Med. 615'.7 G153 2023 c3 MAHL00002479 08/07/2025 3 08/07/2025 Books